Đang tải...
Achieving peak performance : A step by step system to grwo a well trained educated and motivated team for the 21st century /
| Tác giả chính: | |
|---|---|
| Ngôn ngữ: | Undetermined |
| Được phát hành: |
Mumbai :
Jaico Publishing House ,
1997.
|
| LEADER | 00534nam a2200133Ia 4500 | ||
|---|---|---|---|
| 001 | 107748 | ||
| 008 | 170722s9999 xx 000 0 und d | ||
| 100 | |a Qubein, Nido R. | ||
| 245 | |a Achieving peak performance : |b A step by step system to grwo a well trained educated and motivated team for the 21st century / | ||
| 260 | |a Mumbai : |b Jaico Publishing House , |c 1997. | ||
| 300 | |a 244 p. |c 21cms | ||
| 942 | |c GEN | ||
| 999 | |c 117479 |d 117479 | ||
| 952 | |0 0 |1 0 |4 0 |6 X_9_N73 |7 0 |8 LC1 |9 165901 |a LIB |b LIB |d 2017-08-12 |h LC1 |o X:9 N73 |p 230305 |r 2017-08-12 |w 2017-08-12 |y GEN | ||